[Event "Torshavn op 3rd"]
[Site "Torshavn"]
[Date "2000.10.12"]
[Round "7"]
[White "Psakhis, Lev"]
[Black "Grischuk, Alexander"]
[Result "1/2-1/2"]
[WhiteElo "2611"]
[BlackElo "2606"]
[PlyCount "35"]
[EventDate "2000.10.06"]
[EventType "swiss"]
[EventRounds "9"]
[EventCountry "FAI"]
[SourceTitle "CBM 078 Extra"]
[Source "ChessBase"]
[SourceDate "2000.11.10"]
[SourceVersion "1"]
[SourceVersionDate "2000.11.10"]
[SourceQuality "1"]

1. c4 e6 2. Nf3 d5 3. d4 c6 4. Nbd2 Nf6 5. g3 c5 6. cxd5 exd5 7. Bg2 Nc6 8. O-O
Bf5 9. dxc5 Bxc5 10. a3 O-O 11. b4 Bb6 12. Bb2 Qe7 13. Nb3 Rfd8 14. Nfd4 Be4
15. Nxc6 bxc6 16. Bd4 Bxg2 17. Kxg2 Ne4 18. e3 1/2-1/2

[Event "Torshavn op 3rd"]
[Site "Torshavn"]
[Date "2000.10.14"]
[Round "9"]
[White "Hillarp Persson, Tiger"]
[Black "Grischuk, Alexander"]
[Result "1/2-1/2"]
[WhiteElo "2549"]
[BlackElo "2606"]
[PlyCount "96"]
[EventDate "2000.10.06"]
[EventType "swiss"]
[EventRounds "9"]
[EventCountry "FAI"]
[SourceTitle "CBM 078 Extra"]
[Source "ChessBase"]
[SourceDate "2000.11.10"]
[SourceVersion "1"]
[SourceVersionDate "2000.11.10"]
[SourceQuality "1"]

1. g3 d5 2. Bg2 Nf6 3. d3 g6 4. Nf3 Bg7 5. O-O O-O 6. Nbd2 Nc6 7. e4 e5 8. b3
a5 9. a3 Be6 10. h3 h6 11. Bb2 d4 12. Qe2 Nd7 13. Nh2 Nc5 14. h4 h5 15. Rae1
Qd7 16. Bc1 Rae8 17. Kh1 Qd8 18. Rg1 Kh8 19. Bf3 f5 20. exf5 Rxf5 21. Ne4 Nxe4
22. Bxe4 Bd5 23. g4 hxg4 24. Qxg4 Bxe4+ 25. dxe4 Rh5 26. Qxg6 Rh7 27. Bg5 Qd7
28. Bf6 Rf8 29. Bxg7+ Qxg7 30. Qxg7+ Rxg7 31. Rxg7 Kxg7 32. Kg2 Ne7 33. Ng4 Ng6
34. Kg3 Rh8 35. b4 axb4 36. axb4 Rxh4 37. Ra1 Rh8 38. Ra7 Rb8 39. Ra5 Re8 40.
Ra7 Rb8 41. Ra5 Re8 42. Rb5 b6 43. Rd5 Kf7 44. f4 exf4+ 45. Kf3 Rh8 46. Rd7+
Ke6 47. Rxc7 Rh3+ 48. Kf2 Ne5 1/2-1/2

[Event "Olympiad-34"]
[Site "Istanbul"]
[Date "2000.10.29"]
[Round "2.4"]
[White "Grischuk, Alexander"]
[Black "Belotti, Bruno"]
[Result "1/2-1/2"]
[WhiteElo "2606"]
[BlackElo "2417"]
[PlyCount "57"]
[EventDate "2000.10.28"]
[EventType "team-swiss"]
[EventRounds "14"]
[EventCountry "TUR"]
[SourceTitle "EXT 2001"]
[Source "ChessBase"]
[SourceDate "2000.11.22"]
[SourceVersion "1"]
[SourceVersionDate "2000.11.22"]
[SourceQuality "1"]
[WhiteTeam "Russia"]
[BlackTeam "Italy"]
[WhiteTeamCountry "RUS"]
[BlackTeamCountry "ITA"]

1. e4 e5 2. Nf3 Nc6 3. Bb5 Nf6 4. O-O Nxe4 5. d4 Nd6 6. Bg5 Be7 7. Bxe7 Qxe7 8.
Bxc6 dxc6 9. dxe5 Nf5 10. Nc3 O-O 11. Qd2 Rd8 12. Qf4 h6 13. Ne4 c5 14. c3 Be6
15. Rfe1 Kh8 16. h4 b6 17. h5 Rd3 18. Rad1 Rad8 19. Rxd3 Rxd3 20. Ng3 Nxg3 21.
fxg3 Qd7 22. g4 Rd1 23. Rxd1 Qxd1+ 24. Kh2 Bd5 25. c4 Bxf3 26. Qxf3 Qe1 27. Qf5
Qh4+ 28. Kg1 Qe1+ 29. Kh2 1/2-1/2

[Event "Olympiad-34"]
[Site "Istanbul"]
[Date "2000.10.31"]
[Round "4.4"]
[White "Fressinet, Laurent"]
[Black "Grischuk, Alexander"]
[Result "1/2-1/2"]
[WhiteElo "2536"]
[BlackElo "2606"]
[PlyCount "59"]
[EventDate "2000.10.28"]
[EventType "team-swiss"]
[EventRounds "14"]
[EventCountry "TUR"]
[SourceTitle "EXT 2001"]
[Source "ChessBase"]
[SourceDate "2000.11.22"]
[SourceVersion "1"]
[SourceVersionDate "2000.11.22"]
[SourceQuality "1"]
[WhiteTeam "France"]
[BlackTeam "Russia"]
[WhiteTeamCountry "FRA"]
[BlackTeamCountry "RUS"]

1. e4 e5 2. Nf3 Nc6 3. Bb5 a6 4. Bxc6 dxc6 5. O-O f6 6. d4 Bg4 7. c3 Bd6 8. Be3
Qe7 9. Nbd2 O-O-O 10. Qc2 exd4 11. Nxd4 Qf7 12. f4 Nh6 13. b4 Bd7 14. h3 Rhe8
15. a4 Qg6 16. Rf3 Qh5 17. f5 Nf7 18. b5 cxb5 19. axb5 Bxb5 20. Nxb5 axb5 21.
Qb3 Ne5 22. Qxb5 c6 23. Qb3 Bb8 24. Nc4 Nxc4 25. Qxc4 Qh4 26. g4 h5 27. Bf2 Qg5
28. Be3 Qh4 29. Bf2 Qg5 30. Be3 1/2-1/2

[Event "Olympiad-34"]
[Site "Istanbul"]
[Date "2000.11.02"]
[Round "6.4"]
[White "Luther, Thomas"]
[Black "Grischuk, Alexander"]
[Result "1/2-1/2"]
[WhiteElo "2547"]
[BlackElo "2606"]
[PlyCount "56"]
[EventDate "2000.10.28"]
[EventType "team-swiss"]
[EventRounds "14"]
[EventCountry "TUR"]
[SourceTitle "EXT 2001"]
[Source "ChessBase"]
[SourceDate "2000.11.22"]
[SourceVersion "1"]
[SourceVersionDate "2000.11.22"]
[SourceQuality "1"]
[WhiteTeam "Germany"]
[BlackTeam "Russia"]
[WhiteTeamCountry "GER"]
[BlackTeamCountry "RUS"]

1. e4 e5 2. Nf3 Nc6 3. Bb5 a6 4. Ba4 Nf6 5. O-O Be7 6. Re1 b5 7. Bb3 d6 8. c3
O-O 9. h3 Na5 10. Bc2 c5 11. d4 Bb7 12. d5 Nc4 13. b3 Nb6 14. a4 Bc8 15. Nbd2
g6 16. Nf1 Nh5 17. Bd3 Bd7 18. Bh6 Re8 19. axb5 axb5 20. Qe2 Rxa1 21. Rxa1 Bf8
22. Bg5 Nf4 23. Bxf4 exf4 24. Bxb5 Nxd5 25. Bxd7 Qxd7 26. Qd3 Nf6 27. N1d2 Qb7
28. Re1 Nd7 1/2-1/2

[Event "Olympiad-34"]
[Site "Istanbul"]
[Date "2000.11.06"]
[Round "9.4"]
[White "Grischuk, Alexander"]
[Black "Kolev, Atanas"]
[Result "1-0"]
[WhiteElo "2606"]
[BlackElo "2582"]
[Annotator "Psakhis,L"]
[PlyCount "57"]
[EventDate "2000.10.28"]
[EventType "team-swiss"]
[EventRounds "14"]
[EventCountry "TUR"]
[SourceTitle "EXT 2001"]
[Source "ChessBase"]
[SourceDate "2000.11.22"]
[SourceVersion "1"]
[SourceVersionDate "2000.11.22"]
[SourceQuality "1"]
[WhiteTeam "Russia"]
[BlackTeam "Bulgaria"]
[WhiteTeamCountry "RUS"]
[BlackTeamCountry "BUL"]

1. e4 e6 2. d4 d5 3. e5 c5 4. c3 Nc6 5. Nf3 Bd7 6. Be2 f6 {It is possible to
see quite often this pretentious move in modern practice, but somehow I don't
like it too much.Black could easily get not bad position after for example} (
6... Nge7 $5 7. O-O cxd4 8. cxd4 Nf5 $13) 7. O-O Qb6 (7... fxe5 8. Nxe5 Nxe5 9.
dxe5 Bc6 10. c4 $1 d4 11. Bd3 Qh4 12. Nd2 Nh6 13. h3 Be7 14. Qe2 O-O 15. Ne4
Rf7 16. Kh2 Bxe4 17. Bxe4 Bd8 18. g3 Qe7 19. Bxh6 gxh6 20. f4 $16 {1-0 Peng
Xiaomin-Martin,B/Istanbul olm 2000/ (38)}) 8. Na3 $5 {[%cal Ga3c2]} (8. dxc5
Bxc5 9. b4 Be7 10. Bf4 fxe5 11. Nxe5 Nxe5 12. Bxe5 Bf6 13. Bd4 Bxd4 14. Qxd4
Qxd4 15. cxd4 Ne7 16. Nd2 a6 17. Nf3 Nc6 18. Rab1 Ke7 $11 {0-1 Grabarczyk,
B-Socko,B/POL-ch Polanica Zdroj 1999 (42)}) 8... fxe5 9. dxe5 Nh6 $146 {
[%cal Gh6f7]} (9... Nge7 10. Re1 Ng6 11. Bd3 O-O-O 12. c4 $1 d4 13. Ng5 Ngxe5
14. Bxh7 Be7 15. Be4 Bxg5 16. Bxg5 Rde8 17. b3 Qc7 18. Bf4 $16 {1-0 Weijers,
R-Weide,S/NED-ch B20 Hengelo 2000/Ajelibre (25)}) 10. c4 $1 d4 11. Bd3 Nf7 12.
Re1 Be7 {[%cal Gg7g5]} 13. h4 $1 {Prevents g5 for a long time} O-O-O (13... Nb4
$5) 14. Nc2 {[%cal Ga2a3,Gb2b4] Unfortunately for Black, the residence of his
monarch isn't safe, which White proves energetically} Rdg8 (14... h6 15. h5 (
15. Bg6 Rhf8)) 15. a3 g5 {Trying to open second front on the king's side.} 16.
hxg5 Nxg5 17. Bxg5 Bxg5 18. b4 {A typical move that should be played 'with the
hands'} Be7 ({Worth consideration} 18... Rg7 $142 19. Be4 Rhg8 20. g3 Bf4 $1
21. Kf1 $36 {with complicated position}) 19. Be4 cxb4 (19... Be8 20. Rb1) 20.
axb4 Nxb4 ({In the case of} 20... Bxb4 21. Nxb4 Qxb4 22. Nxd4 $16 {white's
advantage is obvious}) 21. Nxb4 Bxb4 22. c5 $5 Bxc5 ({Perhaps Black should
have considered} 22... Qc7 $5 23. Rxa7 (23. Qxd4 Bxc5) 23... Qxc5) 23. Rb1 Bb4
$2 {Serious mistake} ({after correct} 23... Bb5 $142 {White still has to work
hard, for instance:} 24. Bd3 a6 25. Bxb5 axb5 26. Qd3 b4) 24. Qc2+ Bc6 $6 {
A simple oversight, but Black's position was beyond rescue} (24... Kb8 25. Rxb4
$1 Qxb4 26. Rb1 Qc3 27. Rxb7+ Kc8 28. Qb1 Kd8 29. Qd1 Ba4 $1 (29... Kc8 30.
Rxa7 $18) 30. Qb1 $40 (30. Qxd4+ Qxd4 31. Nxd4 Bd7 32. Rxa7 $16)) (24... Kd8
25. Red1 $40 {[%cal Rd1d8,Rb1b7]}) 25. Bxc6 bxc6 26. Rxb4 $1 Qxb4 27. Qxc6+ Kd8
(27... Kb8 28. Qe4 $1 {[%cal Re1b1]} Kc7 29. Rb1 Qc5 30. Qb7+ Kd8 31. Qb8+ Qc8
32. Qd6+ $18) 28. Rd1 Ke7 29. Qc7+ 1-0

[Event "Olympiad-34"]
[Site "Istanbul"]
[Date "2000.11.07"]
[Round "10.4"]
[White "Ionescu, Constantin"]
[Black "Grischuk, Alexander"]
[Result "0-1"]
[WhiteElo "2492"]
[BlackElo "2606"]
[Annotator "Ribli,Z"]
[PlyCount "80"]
[EventDate "2000.10.28"]
[EventType "team-swiss"]
[EventRounds "14"]
[EventCountry "TUR"]
[SourceTitle "EXT 2001"]
[Source "ChessBase"]
[SourceDate "2000.11.22"]
[SourceVersion "1"]
[SourceVersionDate "2000.11.22"]
[SourceQuality "1"]
[WhiteTeam "Romania"]
[BlackTeam "Russia"]
[WhiteTeamCountry "ROU"]
[BlackTeamCountry "RUS"]

1. c4 e6 2. g3 d5 3. Bg2 Nf6 (3... dxc4) 4. Nf3 dxc4 5. Qa4+ c6 {Diese
Fortsetzung wird relativ selten gespielt. Schwarz möchte - wie in der
Slawische Verteidigung - b7-b5 und Bb7 spielen und danach mit c6-c5
ausgleichen.} 6. Qxc4 b5 7. Qb3 (7. Qc2 Bb7 8. Nc3 (8. a4 Be7 9. Ne5 Nd5 10.
O-O O-O 11. d4 Na6 12. Nc3 b4 13. Ne4 c5 14. dxc5 Rc8 15. c6 Nb8 16. Nc5 Bxc6
17. Ncd3 Bb7 18. Qb3 Nc6 {0-1 Ivanchuk,V-Kramnik,V/Monte Carlo 1999/CBM 69 ext
(26)}) 8... Nbd7 9. O-O a6 10. a4 Rc8 (10... Be7 11. d3 O-O 12. Be3 Qb8 (12...
Rc8 $5) 13. Rfc1 Rc8 14. Qb3 h6 15. Bf4 Bd6 16. Bxd6 Qxd6 17. Nd2 $14 {Kveinys,
A-Jackelen,T/Bonn 1995}) 11. b3 Be7 12. Bb2 O-O 13. Ne4 Nd5 14. Rfc1 c5 15.
axb5 axb5 16. Qd3 Nb4 17. Qe3 Qb6 18. Qf4 f5 19. Nc3 h6 20. d3 Rcd8 21. Qe3 Bf6
{0-1 Conquest,S-Grischuk,A/Torshavn FAI 2000/The Week in Chess 310 (41)}) 7...
Bb7 8. O-O Nbd7 {Schwarz hat eine bequeme Stellung erreicht - er kann mit Be7
und 0-0 eine feste Stellung aufbauen. Auf der anderen Seite kann sich Weiß mit
d2-d4 etwas Übergewicht im Zentrum verschaffen, aber seine Dame steht nicht
gut auf b3.} (8... Be7 9. a4 a6 10. d4 Nbd7 11. Nc3 O-O 12. Bg5 b4 13. Nd1 c5
14. Ne3 Nd5 15. Bxe7 Qxe7 16. Nc4 Rac8 17. Nfe5 cxd4 18. Nxd7 Qxd7 19. Rfd1 {
1-0 Kortschnoj,V-Rabiega,R/AUT-chT9596 1996/CBM 52 ext (40)}) 9. Nc3 (9. d4 a6
10. a4 c5 11. axb5 Bd5 12. Qc2 Be4 13. Qd1 axb5 $11 14. Rxa8 Qxa8 15. Bg5 cxd4
16. Bxf6 Nxf6 17. Qxd4 Be7 {0-1 King,D-Adams,M/Southend ENG 2000/The Week in
Chess 285 (100)}) 9... a6 10. d3 (10. a4) (10. d4 c5 $11) 10... Be7 11. Bf4 Rc8
12. Rfc1 (12. Ne5 Nh5 $15) 12... O-O $11 13. h3 $6 {Dieser Sicherungszug
scheint mir überflüssig.} (13. Ne5 Nxe5 14. Bxe5 $11) 13... c5 14. a4 c4 $1 {
[%mdl 512] Schwarz opfert einen Bauern für Initiative.} 15. dxc4 Nc5 16. Qa2 (
16. Qc2 b4 17. Nb1 Be4 18. Qd1 Qxd1+ 19. Rxd1 Nb3 20. Ra2 Rxc4 $15) 16... b4 {
[%csl Gc5] Schwarz hat einen ausgezeichneten Springer auf c5, während die
weiße Dame auf a2 sehr passiv steht.} 17. Rd1 (17. Nd1 b3 18. Qa3 (18. Qb1 Be4
$19) 18... Be4 $44 (18... Nd3 19. Qxb3 Nxc1 20. Rxc1 Bc6 21. Nc3 $13)) 17...
Qe8 {Die Dame steht gut auf e8 und unterstützt von hier aus den Be7.} (17...
Qa5 18. Nb1 $13) 18. Nb1 b3 19. Qa3 Nfe4 $44 {Schwarz hat einen Bauern weniger,
aber sein Figurenspiel ist gefährlich. Die Qa3 steht schrecklich und muss
immer mit Motiven auf der Diagonale f8-a3 rechnen.} (19... Be4 $44) 20. Be3 Rb8
$1 {[%mdl 2048] Der Turm steht ausgezeichnet auf b8 - in vielen Varianten kann
Schwarz die halboffene b-Linie ausnutzen.} 21. Nbd2 Nxd2 22. Bxc5 $2 (22. Nxd2
Nd7 23. c5 Bxg2 24. Kxg2 Nxc5 25. Bxc5 Qc6+ 26. Kg1 Bxc5 27. Rac1 Rfc8 (27...
Bxa3 28. Rxc6 Bxb2 29. Rb1 $11) 28. Qa1 Rb4 $36) 22... Nxc4 $17 23. Bxe7 (23.
Qxb3 Bd5 24. Qxb8 Qxb8 25. Bxe7 Re8 $17) 23... Nxa3 24. Bxa3 h6 25. Bxf8 Qxf8 {
Weiß hat nur Turm und Springer für die Dame, das ist wenig. Schwarz muss
seinen Vorteil verwerten.} 26. Ne5 Bxg2 27. Nd7 (27. Kxg2 Rc8 $19) 27... Qb4
28. Nxb8 (28. Kxg2 Rc8 $19) 28... Bd5 $1 {[%csl Rb8]} 29. Nxa6 (29. Nd7 Qe4 30.
f3 Qxe2 $19) 29... Qb6 30. a5 Qxa6 $19 {Schwarz hat eine Figur mehr - seine
Stellung ist gewonnen.} 31. Rd3 Kh7 {Schwarz unterbindet später mögliche
Motive auf der achten Reihe.} 32. g4 Ba8 33. f3 Qc4 {[%cal Rc4c2,Rc2e2,Rc2b2]}
34. a6 (34. Rad1 Qc2 35. R1d2 Qc5+ $19) 34... Qc2 35. Ra3 Qxb2 36. Rdxb3 Qxe2
37. a7 e5 38. Re3 (38. Rb8 Qe1+ 39. Kg2 Qd2+ 40. Kg3 Qc1 $19) 38... Qd2 39. h4
e4 40. fxe4 (40. f4 Qd1+ $19) 40... Bxe4 (40... Bxe4 41. Rxe4 Qc1+ $19 {
[%cal Rc1a3,Rc1g1]}) 0-1

[Event "Olympiad-34"]
[Site "Istanbul"]
[Date "2000.11.09"]
[Round "12.4"]
[White "Grischuk, Alexander"]
[Black "Sargissian, Gabriel"]
[Result "1-0"]
[WhiteElo "2606"]
[BlackElo "2474"]
[PlyCount "79"]
[EventDate "2000.10.28"]
[EventType "team-swiss"]
[EventRounds "14"]
[EventCountry "TUR"]
[SourceTitle "EXT 2001"]
[Source "ChessBase"]
[SourceDate "2000.11.22"]
[SourceVersion "1"]
[SourceVersionDate "2000.11.22"]
[SourceQuality "1"]
[WhiteTeam "Russia"]
[BlackTeam "Armenia"]
[WhiteTeamCountry "RUS"]
[BlackTeamCountry "ARM"]

1. e4 c6 2. d4 d5 3. e5 Bf5 4. c3 e6 5. Be3 Nd7 6. Nd2 Qb6 7. Qb3 c5 8. Qxb6
axb6 9. Bb5 c4 10. Ne2 Ne7 11. O-O Nc6 12. b3 Bd3 13. Rfe1 Bxe2 14. Rxe2 cxb3
15. Nxb3 Ba3 16. Rb1 Na7 17. Bd3 O-O 18. Nd2 Nc6 19. Bb5 Rfd8 20. c4 Ndb8 21.
Kf1 Ne7 22. Rb3 Bc1 23. cxd5 Nxd5 24. Nc4 Bxe3 25. fxe3 Nc6 26. Bxc6 bxc6 27.
Nxb6 Ra6 28. Nd7 Rda8 29. e4 Nc7 30. Nc5 Ra5 31. Reb2 h6 32. Rb8+ Kh7 33. a4
Rxa4 34. Nxa4 Rxa4 35. R2b7 Nb5 36. Rxf7 Nc3 37. Rbb7 Ra1+ 38. Kf2 Nxe4+ 39.
Ke3 Re1+ 40. Kd3 1-0

[Event "FIDE-Wch k.o."]
[Site "New Delhi/Teheran"]
[Date "2000.12.02"]
[Round "2.3"]
[White "Smirin, Ilia"]
[Black "Grischuk, Alexander"]
[Result "0-1"]
[WhiteElo "2677"]
[BlackElo "2606"]
[Annotator "Hecht,H"]
[PlyCount "128"]
[EventDate "2000.11.27"]
[EventType "k.o."]
[EventRounds "7"]
[EventCountry "IND"]
[SourceTitle "CBM 081"]
[Source "ChessBase"]
[SourceDate "2001.03.20"]
[SourceVersion "1"]
[SourceVersionDate "2001.03.20"]
[SourceQuality "1"]

1. c4 e6 2. Nc3 d5 3. d4 c5 4. cxd5 exd5 5. Nf3 Nc6 6. g3 Nf6 7. Bg2 Be7 8. O-O
O-O 9. dxc5 Bxc5 10. Bg5 d4 11. Bxf6 Qxf6 12. Nd5 Qd8 13. Nd2 Re8 14. Rc1 Bb6
15. Nc4 Bg4 16. Re1 Bc5 17. a3 a6 18. b4 Ba7 19. Nf4 Rc8 20. Qb3 Bb8 21. Nd5
Bxe2 22. Ncb6 d3 23. Qa2 Rc7 24. Nxc7 Bxc7 25. Nd5 Bb8 26. Qd2 Nd4 27. Rc3 Ba7
28. Nf4 Nb3 29. Rxd3 Bxd3 30. Rxe8+ Qxe8 31. Qxd3 Qe1+ 32. Qf1 Bxf2+ 33. Kh1
Qxf1+ 34. Bxf1 Kf8 35. Bg2 b6 36. Bb7 a5 37. Bd5 Nd2 38. bxa5 bxa5 39. Kg2 Bd4
40. a4 Ke7 41. Nd3 f5 42. Bg8 h6 43. Ba2 g5 44. Bg8 Kd6 45. Ba2 Be3 46. Bf7 f4
47. gxf4 gxf4 48. h4 Ke7 49. Bd5 Kd6 50. Bf7 Ke7 51. Bd5 Kf6 52. Kh3 Kf5 53.
Bc6 Nb1 54. Bf3 Nc3 55. Bc6 Ne2 56. Bb7 Nd4 57. Bd5 Nc2 58. Bb3 Nb4 59. Nxb4
axb4 {[#] Zwei wesentliche Merkmale prägen dieses Endspiel: a) der schwarze
Läufer kann den weißen Freibauern nicht so stoppen, dass gleichzeitig ein
eigener Freibauer gedeckt werden kann; (siehe dazu auch Zilbermann-Eljanov) b)
der schwarze Läufer ist in Bezug auf den h-Bauern der "falsche".} 60. Bc2+ Ke5
61. Kg4 h5+ (61... Bb6 62. Kf3 Bc7 63. Bb3 Kd4 64. h5 Kc3 65. Bd1 b3 66. Bxb3
Kxb3 67. a5 Kc3 68. a6 Bb8 69. a7 Bxa7 70. Kxf4 Kd3 71. Kg3 $11) 62. Kf3 Bb6
63. Bg6 $4 {[%mdl 28672]} (63. Bb3 Bd8 64. Bf7 Bxh4 65. Bxh5 b3 66. Bf7 b2 67.
Bg6 Bd8 68. Bb1 Bc7 69. Bh7 Kd4 70. a5 $11 {und der "Remisfreibauer" macht
seinem Namen alle Ehre.}) 63... b3 64. Bxh5 {Verliert auf der Stelle.} ({
Aber auch der Rückzug} 64. Bf7 b2 65. Bg6 Bd8 66. Bb1 Bxh4 67. a5 Bd8 68. a6
Bb6 69. Bc2 Ba7 70. Bb1 Bb8 71. Bh7 h4 (71... Kd4 $2 72. a7 Bxa7 73. Kxf4 $11)
72. Kg4 h3 73. Kxh3 Kd4 74. Kg2 Ke3 75. Kf1 f3 76. Bb1 f2 77. Bc2 Ba7 78. Bh7
Kd2 $19 {rettet nicht mehr, weil durch das Vorstoßen des f-Bauern bis nach f2
der schwarze Läufer in der Lage ist, den f-Bauern zu decken und zugleich den
a-Bauern zu stoppen. Der weiße a-Bauer hat sich also vom ursprünglichen
"Remisfreibauer" in einen Nachtwächter verwandelt.}) 64... Kf6 $1 0-1

[Event "FIDE-Wch k.o."]
[Site "New Delhi/Teheran"]
[Date "2000.12.04"]
[Round "3.2"]
[White "Serper, Grigory"]
[Black "Grischuk, Alexander"]
[Result "1/2-1/2"]
[WhiteElo "2574"]
[BlackElo "2606"]
[Annotator "Tsesarsky,I"]
[PlyCount "94"]
[EventDate "2000.11.27"]
[EventType "k.o."]
[EventRounds "7"]
[EventCountry "IND"]
[SourceTitle "CBM 081"]
[Source "ChessBase"]
[SourceDate "2001.03.20"]
[SourceVersion "1"]
[SourceVersionDate "2001.03.20"]
[SourceQuality "1"]

1. d4 d5 2. c4 e6 3. Nf3 c6 4. Bg5 Be7 (4... f6 5. Bd2 {-see commented game 
1-0 Beliavsky,A-Pavasovic,D/Portoroz 1999/CBM 72 (43) [Tsesarsky]}) 5. Bxe7
Qxe7 6. e3 (6. Qb3 $143 Nd7 7. e3 Ngf6 8. Nc3 O-O 9. cxd5 (9. Be2 dxc4 10. Bxc4
e5 11. dxe5 Nxe5 12. Be2 Bg4 13. Nxe5 Qxe5 $11 {0-1 Portnoy,I-Maynard,F/Cali
COL 2000/The Week in Chess 320 (27)}) 9... exd5 10. Bd3 Re8 11. O-O {and white
Q on b3 obstructs Pb2 promotion.} Ne4 12. Qc2 $132 {White lost tempo - if
we'll compare this position with theoretical one from Carlsbad variation.})
6... Nf6 (6... Nd7 7. Nc3 Ngf6 8. Qc2 $14 {[%cal Gc4d5]} (8. a3 O-O 9. Be2 dxc4
10. Bxc4 e5 $11 {1-0 Leroy,D-Schumacher,H/Avoine FRA 2000/The Week in Chess
299 (30)})) 7. Nc3 O-O (7... Nbd7 8. Qc2 $5 $14 (8. Rc1 O-O 9. Bd3 dxc4 (9...
Rd8 10. Qc2 b6 11. cxd5 exd5 12. O-O $14 {1-0 Hebden,M-Cherniaev,A/Port Erin
IOM 2000/The Week in Chess 311 (49)}) 10. Bxc4 e5 11. O-O exd4 $11)) 8. Qc2 (8.
Bd3 $6 Nbd7 9. O-O e5 (9... dxc4 10. Bxc4 e5 $11) 10. dxe5 Nxe5 {-see
commented game 1-0 Moiseenko,A-Poluljahov,A/Krasnodar 1999/CBM 75 (60) 
[Tsesarsky] (12)}) 8... Nbd7 (8... b6 9. cxd5 cxd5 10. Bd3 Bb7 11. O-O Nc6 12.
a3 Rac8 13. Qa4 a6 14. Rac1 b5 15. Qb3 $14 {1/2-1/2 Almasi,Z-Markowski,T/
Polanica Zdroj POL 2000/The Week in Chess 302 (15)}) 9. Bd3 $6 {Permits to
Black to equalize the game} (9. Rd1 Re8 10. Bd3 e5 11. dxe5 dxc4 12. Bxc4 Nxe5
$11 {1/2-1/2 Stohl,I-Markowski,T/Zakopane chT 2000/The Week in Chess 310 (17)})
({Right was} 9. cxd5 $1 cxd5 (9... exd5 10. Bd3 $14) 10. Be2 b6 11. O-O Bb7 {
[%csl Rb7,Rd7,Ge2] The only advantage of White is the difference between Bd3
and Bb7. Nd7 also temporary restricted by Pd4.} 12. Rac1 a6 13. a4 Rfc8 14. Qb3
$14 {1/2-1/2 Komljenovic,D-Sandipan,C/Ubeda ESP 2001/The Week in Chess 326 (42)
}) 9... Re8 $6 ({In my opinion, right was} 9... dxc4 $1 {(after Bd3)} 10. Bxc4
e5 11. O-O exd4 12. Nxd4 (12. exd4 Nb6 $11) 12... Ne5 $11) 10. cxd5 $1 {
This move leads to Carlsbad structure. Without black-colours BB White has
stable advantage.} exd5 11. O-O Nf8 12. Rab1 Ng6 13. b4 Bg4 (13... Bd7 14. b5
Rac8 15. bxc6 Bxc6 16. Bf5 Bd7 17. Bxd7 Qxd7 18. Qb3 $14 {1/2-1/2 Beliavsky,
A-Gelashvili,T/Saint Vincent ITA 2000/The Week in Chess 296 (36)}) 14. Nd2 Rac8
15. Bf5 $6 $11 {after this BB exchange Black eqalizes.} (15. Rfc1 $142 Nh4 16.
Nb3 Ne4 17. Nxe4 dxe4 18. Bf1 Qg5 19. Kh1 $14) 15... Bxf5 16. Qxf5 Qe6 17. Qc2
Nh4 {[%csl Rg2][%cal Ge6g4] threatening Qg4} 18. Ne2 (18. h3 Nf5 {[%cal Gf5d6]}
19. Ne2 (19. b5 $2 cxb5 20. Rxb5 Nxe3 $19) 19... Nd6 20. Nf4 Qf5 $11) 18... Qg4
(18... Nf5 19. Nf4 Qd7 20. Rfc1 Nd6 $132) 19. Ng3 Nh5 20. Rfc1 Nxg3 21. hxg3
Nf5 (21... Ng6 22. Qd3 {[%cal Gb4b5]} (22. b5 $2 cxb5) 22... a6 23. a4 $14 {
[%cal Gb4b5]}) 22. b5 Re6 (22... Nd6 23. bxc6 Rxc6 24. Qb3 Qe2 25. Nf3 Ne4 26.
Rf1 Rc7 (26... Rb6 27. Qa4 Rd8 28. Qa5 $14) 27. Qxd5 (27. Rb2 Qa6 28. Qxd5 Nc3
29. Qb3 Ne2+ 30. Kh2 Nxd4 {[%csl Rf1]} 31. Qd1 Nxf3+ 32. gxf3 Rec8 $15) 27...
Nc3 28. Qd6 Rec8 29. Ra1 Nxa2 $132) 23. Qd1 Qxd1+ 24. Rxd1 Ne7 (24... b6 25.
Rbc1 a6 $1 (25... c5 26. dxc5 bxc5 27. Nb3 c4 28. Rxd5 $16) 26. a4 axb5 27.
axb5 Ne7 28. bxc6 Rexc6 29. Rxc6 Rxc6 30. Rb1 f6 $132 {[%cal Gg8f7]}) 25. Rdc1
Kf8 26. Nf3 (26. bxc6 b6 27. c7 Rc6 28. Rxc6 Nxc6 29. Rc1 Nb4 $11 {[%csl Rc7]
[%cal Gb4a6]}) 26... Ke8 27. Ne1 (27. bxc6 b6 28. c7 f6 $1 $132 {[%csl Rc7]})
27... cxb5 28. Rxc8+ Nxc8 29. Rxb5 Ra6 (29... Nb6 30. Nd3 $14) 30. Rxb7 (30.
Rb2 Nb6 $132) 30... Rxa2 31. Nd3 Nd6 {[%cal Gd6e4]} 32. Rb1 $6 $15 {Passive
move - gives to Black advantage.} (32. Rb8+ Kd7 33. Nc5+ Kc6 34. Rh8 h6 35. Rh7
Ne8 36. Rh8 Nd6 $11 (36... Nf6 37. f3 $132)) 32... Kd7 $1 ({Sharp position
with mutual chances would appear after} 32... a5 $6 33. Rb8+ Kd7 34. Ra8 Kc7
35. Ra7+ Kb6 36. Rd7 Ne4 37. Rxf7 {Probably White will take the dangerous "a"
free P with N and number of PP will sufficient compensation for N lack.} a4 (
37... g5 38. g4 (38. Rxh7 Rd2 39. f3 Rd1+ 40. Kh2 Rxd3 41. fxe4 dxe4 $17) 38...
a4 39. Nb4 Ra1+ 40. Kh2 a3 41. Nxd5+ Kc6 42. Nb4+ Kb5 43. Rb7+ Kc4 $44) 38. Nb4
Ra1+ 39. Kh2 $44) 33. Nb4 Ra5 34. Rc1 $6 $17 (34. Nd3 $15) 34... Rb5 35. Nd3 (
35. Na6 Nc4 36. Nc5+ Kd6 37. Ra1 a5 $17) 35... f6 $2 $132 ({Very strong was} 
35... Nc4 36. Kf1 (36. Ne5+ Nxe5 37. dxe5 a5 $17) (36. Ra1 a5 $17) 36... a5 37.
Nc5+ Kd6 $17) 36. Nc5+ Ke7 {Black K had to retreat...} 37. Na6 Ne4 38. g4 Kd6
39. f3 Nd2 40. Rc7 Rb1+ ({Equal position also after} 40... Ra5 41. Rxa7 Nc4 42.
Nc7 Rxa7 43. Nb5+ Kd7 44. Nxa7 Nxe3 45. Kf2 Nc2 46. Nb5 Kc6 47. Na7+ Kb6 48.
Nc8+ Kc7 49. Ne7 $11) 41. Kf2 Ra1 42. Rxa7 Ra2 43. Kg3 g5 44. Rf7 Ke6 45. Ra7
Kd6 46. Rf7 (46. Nc7 Nf1+ 47. Kh3 Rxa7 48. Nb5+ Ke6 49. Nxa7 Nxe3 50. Nb5 $11)
46... Ke6 47. Ra7 Kd6 1/2-1/2